01460nam a22002657i 4500001001600000003000900016005001700025007000300042008004100045020003100086040002900117100003800146245006200184246001700246250001800263264002800281300002300309500008100332520062600413653007001039710004101109910001101150952001601161999001701177016890000096648CZ PrSKC20260505095835.0ta260428s2026 xr g 000 f cze d a9788026760597c399.00 Kč aBOG001bczedBOG001erda1 aKlabouchová, Petra,d1980-4aut10aMuž z Brna na Onom Světě.n2 /cPetra Klabouchová13aMuž z Brna a1. vydání 1aV Praze :bMotto,c2026 a278 stran ;c21 cm aObálkový podnázev: Kdo stojí za vraždou Pražáka na Šumavě?2 aJosef Ječmínek přežil Brno, tak už by ho nemělo nic překvapit. Z bezpečnostních důvodů je však odklizen na Šumavu, kde v utajení zastává funkci mluvčího chráněné krajinné oblasti Onen Svět. Parta místních podivínů mu to ale moc neusnadňuje. Tím spíš, když v osadě dojde k vraždě seniora z Prahy a Josef se stane hlavním podezřelým a hvězdou televizní reality show Česko hledá vraha. Navíc mu jde po krku Američan pátrající po dávném šumavském tajemství, které může ovlivnit pohled na moderní dějiny lidstva.0 adetektivní rományahumoristické rományačeská próza2 aMotto (nakladatelství)4pbl920472 aABG508 102udc400 c34249d34249